| 000 | 00855nam a2200229 a 4500 | ||
|---|---|---|---|
| 001 | 000007573 | ||
| 005 | 20240412074205.0 | ||
| 008 | 090909s1997 dr 000 p spa d | ||
| 020 | _a8484002500 | ||
| 040 |
_aDO-SdBNP _bspa _cBNPHU |
||
| 082 |
_aRD861.44 _bP438a |
||
| 100 | 1 |
_aPérez Ferreras, Juan Solano _921021 |
|
| 245 | 1 | 0 |
_aAntología de poetas y escritores de la provincia de Bahoruco / _cJuan Solano Pérez Ferreras. |
| 260 |
_aSanto Domingo : _bTaller, _c1997. |
||
| 300 |
_a181 p. ; _c23 cm. |
||
| 500 | _aIncluye referencias bibliográficas y notas al pie de las páginas | ||
| 590 | _aInventariado, 2020 /LP | ||
| 650 | 4 |
_aPoesía dominicana _zRepública Dominicana, Bahoruco _921022 |
|
| 650 | 4 |
_aPoetas dominicanos _xCrítica e interpretación _921023 |
|
| 650 | 0 |
_aLiteratura dominicana. _967 |
|
| 910 | _aValidado. Control de calidad MFF | ||
| 999 |
_c7354 _d7354 |
||